[Event "CHN-chT DivA"]
[Site "Fuling"]
[Date "2023.06.05"]
[Round "1.6"]
[White "Chen, Yuan1111"]
[Black "Ye, Jiangchuan"]
[Result "0-1"]
[WhiteElo "2159"]
[BlackElo "2602"]
[PlyCount "64"]
[EventDate "2023.06.05"]
[EventType "team-tourn"]
[EventRounds "11"]
[EventCountry "CHN"]
[SourceTitle "CBM 214 Extra"]
[Source "ChessBase"]
[SourceDate "2023.07.31"]
[SourceVersion "1"]
[SourceVersionDate "2023.07.31"]
[SourceQuality "1"]
[WhiteTeam "Zhejiang Shaoxing"]
[BlackTeam "Shenzhen Pengcheng"]
[WhiteTeamCountry "CHN"]
[BlackTeamCountry "CHN"]

1. e4 c5 2. Nf3 e6 3. c3 Nf6 4. e5 Nd5 5. d4 cxd4 6. cxd4 d6 7. Nc3 Nxc3 8. bxc3 Qc7 9. Bd2 Nd7 10. exd6 Bxd6 11. Bd3 Bf4 12. 0-0 Bxd2 13. Qxd2 0-0 14. Rae1 b6 15. Re4 Bb7 16. Rh4 f5 17. Qe2 Rf6 18. Bc4 Nf8 19. Ne5 Rc8 20. Rh3 Ng6 21. Qh5 Nxe5 22. Qxh7+ Kf7 23. dxe5 Qxe5 24. Qh5+ Kg8 25. Qh7+ Kf7 26. Rd1 Rxc4 27. Rg3 Rg4 28. Qh5+ Rgg6 29. Rxg6 Rxg6 30. h3 Bc6 31. c4 Qe4 32. f3 Qe2 0-1

[Event "CHN-chT 3rd"]
[Site "China"]
[Date "2007.06.26"]
[Round "6"]
[White "Ye, Jiangchuan"]
[Black "Li, Shilong"]
[Result "1/2-1/2"]
[WhiteElo "2632"]
[BlackElo "2552"]
[PlyCount "182"]
[EventDate "2007.04.??"]
[EventType "team-tourn"]
[EventRounds "18"]
[EventCountry "CHN"]
[SourceTitle "EXT 2017"]
[Source "ChessBase"]
[SourceDate "2016.10.25"]
[SourceVersion "1"]
[SourceVersionDate "2016.10.25"]
[SourceQuality "1"]

1. e4 c5 2. Nf3 d6 3. c3 Nf6 4. Be2 g6 5. 0-0 Bg7 6. Bb5+ Nbd7 7. Re1 a6 8. Bf1 e5 9. d4 cxd4 10. cxd4 0-0 11. Nc3 exd4 12. Nxd4 Re8 13. Nb3 Ne5 14. Bg5 h6 15. Bh4 g5 16. Bg3 Nh5 17. Qd2 Nxg3 18. hxg3 h5 19. Nd4 g4 20. Nd5 Kh7 21. Rad1 Be6 22. Nf4 h4 23. Ndxe6 fxe6 24. Qxd6 hxg3 25. Qxd8 gxf2+ 26. Kxf2 Raxd8 27. Kg3 Rc8 28. Bd3 Bh6 29. Bb1 Rc5 30. Nd3 Nxd3 31. Rxd3 Re7 32. e5 Kg7 33. Rd4 Rc1 34. Rdd1 Rec7 35. Be4 Rxd1 36. Rxd1 Bc1 37. Rd6 Rc4 38. Bxb7 Bf4+ 39. Kh4 Bxe5 40. Rxe6 Bxb2 41. Rxa6 Bf6+ 42. Kg3 Be5+ 43. Kf2 Bf4 44. a4 Rc2+ 45. Ke1 Ra2 46. Be4 Be5 47. Kd1 Kf8 48. Bc2 Ke7 49. Bb3 Ra1+ 50. Kc2 Bd6 51. Kd3 Rg1 52. Ra7+ Kf6 53. Rf7+ Ke5 54. Rf2 Bc5 55. Re2+ Kd6 56. Kc4 g3 57. Bc2 Bf2 58. Be4 Re1 59. Rd2+ Kc7 60. Bf3 Kb6 61. Rd5 Rc1+ 62. Kb3 Bc5 63. Rg5 Rb1+ 64. Ka2 Rb4 65. a5+ Kb5 66. Be2+ Kc6 67. a6 Bf2 68. Ka3 Rb1 69. Rg6+ Kc7 70. Ka4 Rb2 71. Bf3 Ra2+ 72. Kb5 Rb2+ 73. Kc4 Ra2 74. Bb7 Ra5 75. Kb4 Be1+ 76. Kc4 Bf2 77. Kd3 Ra4 78. Kc3 Ra1 79. Kb4 Be1+ 80. Kc5 Ra5+ 81. Kd4 Bf2+ 82. Ke4 Ra4+ 83. Kd5 Ra5+ 84. Ke6 Ra1 85. Kf5 Ra5+ 86. Kg4 Ra4+ 87. Kh3 Ra3 88. Bf3 Ra4 89. Be2 Ra2 90. Re6 Kd7 91. Re4 Kd6 1/2-1/2

[Event "Torch Cup"]
[Site "Xiapu"]
[Date "2005.06.26"]
[Round "19"]
[White "Ye, Jiangchuan"]
[Black "Azmaiparashvili, Zurab"]
[Result "1/2-1/2"]
[WhiteElo "2648"]
[BlackElo "2671"]
[PlyCount "58"]
[EventDate "2005.06.21"]
[EventType "team"]
[EventRounds "19"]
[EventCountry "CHN"]
[SourceTitle "CBM 106 Extra"]
[Source "ChessBase"]
[SourceDate "2005.07.01"]
[SourceVersion "1"]
[SourceVersionDate "2005.07.01"]
[SourceQuality "1"]

1. e4 c6 2. d4 d5 3. Nd2 dxe4 4. Nxe4 Bf5 5. Ng3 Bg6 6. h4 h6 7. Nf3 Nd7 8. h5 Bh7 9. Bd3 Bxd3 10. Qxd3 e6 11. Bd2 Ngf6 12. 0-0-0 Bd6 13. Ne4 Nxe4 14. Qxe4 Nf6 15. Qe2 Qe7 16. Ne5 0-0-0 17. Ba5 Bxe5 18. dxe5 Rxd1+ 19. Rxd1 Nd5 20. Bd2 Rd8 21. Qe4 f5 22. exf6 Nxf6 23. Qe2 e5 24. Re1 e4 25. Bc3 Re8 26. Bxf6 Qxf6 27. Qg4+ Kc7 28. Rxe4 Rxe4 29. Qxe4 Qxf2 1/2-1/2

[Event "Torch Cup"]
[Site "Xiapu"]
[Date "2005.06.25"]
[Round "18"]
[White "Wu, Kaiyu"]
[Black "Ye, Jiangchuan"]
[Result "1-0"]
[WhiteElo "2294"]
[BlackElo "2648"]
[PlyCount "91"]
[EventDate "2005.06.21"]
[EventType "team"]
[EventRounds "19"]
[EventCountry "CHN"]
[SourceTitle "CBM 106 Extra"]
[Source "ChessBase"]
[SourceDate "2005.07.01"]
[SourceVersion "1"]
[SourceVersionDate "2005.07.01"]
[SourceQuality "1"]

1. e4 c5 2. Nf3 e6 3. c3 Nf6 4. e5 Nd5 5. d4 cxd4 6. cxd4 d6 7. Bc4 Nc6 8. 0-0 Be7 9. Qe2 0-0 10. Qe4 Qc7 11. Re1 Re8 12. Bg5 dxe5 13. Bxe7 f5 14. Qe2 e4 15. Ba3 Nf4 16. Qd2 exf3 17. d5 Nxg2 18. dxc6 Nxe1 19. Qxe1 Qf4 20. Qf1 bxc6 21. Nc3 Kh8 22. Rd1 a5 23. Kh1 e5 24. Bf7 Ba6 25. Qh3 Red8 26. Rg1 Rd2 27. Bc5 Rd4 28. Be7 Ra7 29. Bg5 Rxf7 30. Bxf4 Rxf4 31. Re1 h6 32. Rxe5 Kh7 33. Qg3 g5 34. Re6 Bc8 35. Re3 Bb7 36. Qg1 Rd4 37. Qe1 Rdd7 38. Re8 c5 39. Qe5 Kg6 40. Rg8+ Kh5 41. Qg3 Rd4 42. Qe5 Rdd7 43. h3 Rde7 44. Qd6 Rg7 45. Rxg7 Rxg7 46. Qf6 1-0

[Event "Torch Cup"]
[Site "Xiapu"]
[Date "2005.06.24"]
[Round "17"]
[White "Ye, Jiangchuan"]
[Black "Wei, Chenpeng"]
[Result "1-0"]
[WhiteElo "2648"]
[BlackElo "2406"]
[PlyCount "89"]
[EventDate "2005.06.21"]
[EventType "team"]
[EventRounds "19"]
[EventCountry "CHN"]
[SourceTitle "CBM 106 Extra"]
[Source "ChessBase"]
[SourceDate "2005.07.01"]
[SourceVersion "1"]
[SourceVersionDate "2005.07.01"]
[SourceQuality "1"]

1. e4 c5 2. Nf3 d6 3. d4 cxd4 4. Nxd4 Nf6 5. Nc3 a6 6. f4 e5 7. Nf3 Nbd7 8. a4 Be7 9. Bd3 0-0 10. 0-0 exf4 11. Bxf4 Qb6+ 12. Kh1 Qxb2 13. Nd5 Nxd5 14. exd5 Qb4 15. c4 Nc5 16. Qe2 Nxd3 17. Qxd3 Qb6 18. Rab1 Qd8 19. Nd2 Bg5 20. Bxg5 Qxg5 21. Rb6 Qe5 22. Nf3 Qe7 23. a5 Bg4 24. Re1 Qf6 25. Qd4 Qg6 26. Qe4 Rac8 27. Rxb7 Bf5 28. Qf4 Bd3 29. Nd2 Rfe8 30. Rbe7 Rxe7 31. Rxe7 h5 32. h3 Rc5 33. Nf3 f6 34. Qxd6 Rxc4 35. Qd8+ Kh7 36. Re8 Qf7 37. Rh8+ Kg6 38. Qd6 Kf5 39. Ne5 fxe5 40. Rf8 Qxf8 41. Qxf8+ Ke4 42. d6 Rc1+ 43. Kh2 Bb5 44. Qf3+ Kd4 45. Qb7 1-0

[Event "Torch Cup"]
[Site "Xiapu"]
[Date "2005.06.22"]
[Round "15"]
[White "Liang, Chong"]
[Black "Ye, Jiangchuan"]
[Result "1/2-1/2"]
[WhiteElo "2524"]
[BlackElo "2648"]
[PlyCount "68"]
[EventDate "2005.06.21"]
[EventType "team"]
[EventRounds "19"]
[EventCountry "CHN"]
[SourceTitle "CBM 106 Extra"]
[Source "ChessBase"]
[SourceDate "2005.07.01"]
[SourceVersion "1"]
[SourceVersionDate "2005.07.01"]
[SourceQuality "1"]

1. d4 Nf6 2. c4 g6 3. Nc3 Bg7 4. e4 d6 5. Nf3 0-0 6. Be2 e5 7. 0-0 Nc6 8. d5 Ne7 9. b4 Nh5 10. Re1 f5 11. Ng5 Nf6 12. f3 Nh5 13. c5 Nf4 14. Bc4 Kh8 15. Kh1 a6 16. Rb1 h6 17. Ne6 Bxe6 18. dxe6 fxe4 19. fxe4 Nc6 20. cxd6 cxd6 21. b5 Nd4 22. bxa6 bxa6 23. Bxf4 exf4 24. Ne2 Nxe2 25. Qxe2 Qh4 26. Rf1 g5 27. e7 Rfe8 28. Rb3 Rxe7 29. Rh3 f3 30. Qxf3 Qf4 31. Qd1 Qe5 32. Bd5 Rf8 33. Rxf8+ Bxf8 34. Rf3 Bg7 1/2-1/2

[Event "Torch Cup"]
[Site "Xiapu"]
[Date "2005.06.21"]
[Round "14"]
[White "Ye, Jiangchuan"]
[Black "Wang, Yaoyao"]
[Result "1-0"]
[WhiteElo "2648"]
[BlackElo "2456"]
[PlyCount "59"]
[EventDate "2005.06.21"]
[EventType "team"]
[EventRounds "19"]
[EventCountry "CHN"]
[SourceTitle "CBM 106 Extra"]
[Source "ChessBase"]
[SourceDate "2005.07.01"]
[SourceVersion "1"]
[SourceVersionDate "2005.07.01"]
[SourceQuality "1"]

1. e4 c5 2. Nf3 d6 3. d4 cxd4 4. Nxd4 Nf6 5. Nc3 a6 6. f4 g6 7. Nf3 Qa5 8. e5 dxe5 9. fxe5 Ng4 10. Bf4 Bg7 11. Qe2 Nc6 12. 0-0-0 Be6 13. Ng5 Ngxe5 14. Nxe6 fxe6 15. g3 0-0 16. Bh3 Nf7 17. Qc4 Nd4 18. Bc7 Rac8 19. Bxa5 Rxc4 20. Bf1 Rcc8 21. Bg2 Nd6 22. Bb6 e5 23. Rhf1 e6 24. Rxf8+ Kxf8 25. a4 Ke7 26. a5 Rc4 27. Kb1 Kd7 28. Ne4 Nxe4 29. Bxe4 Kc8 30. c3 1-0

[Event "CHN-chT Torch Real Estate Cup"]
[Site "Wuxi"]
[Date "2005.05.14"]
[Round "13"]
[White "Chen, Fan"]
[Black "Ye, Jiangchuan"]
[Result "0-1"]
[WhiteElo "2354"]
[BlackElo "2648"]
[PlyCount "106"]
[EventDate "2005.05.08"]
[EventType "team-tourn"]
[EventRounds "13"]
[EventCountry "CHN"]
[SourceTitle "CBM 106 Extra"]
[Source "ChessBase"]
[SourceDate "2005.07.01"]
[SourceVersion "1"]
[SourceVersionDate "2005.07.01"]
[SourceQuality "1"]

1. e4 Nf6 2. e5 Nd5 3. d4 d6 4. Nf3 dxe5 5. Nxe5 c6 6. Be2 Bf5 7. g4 Bc8 8. c4 Nc7 9. Nc3 Nd7 10. Be3 Nxe5 11. dxe5 Qxd1+ 12. Rxd1 f6 13. Bf4 f5 14. h3 g6 15. Be3 Bg7 16. f4 g5 17. gxf5 Bxf5 18. Bh5+ Bg6 19. Bg4 0-0 20. Rd7 gxf4 21. Bxf4 Rxf4 22. Rxc7 Bxe5 23. Rxb7 Bf6 24. Ne2 Bh4+ 25. Kd2 Rd8+ 26. Rd7 Rxd7+ 27. Bxd7 Bf6 28. c5 Rf3 29. Be6+ Kh8 30. Bc4 Bg5+ 31. Ke1 a5 32. Rg1 Be3 33. Rg4 e5 34. h4 Rf8 35. Ng3 Rf4 36. Rxf4 exf4 37. Nf1 Bxc5 38. Be2 Bd4 39. b3 Bb1 40. a4 Bc2 41. Bf3 Bxb3 42. Bxc6 Kg8 43. h5 Bf7 44. Bf3 Be8 45. Bd1 Bc3+ 46. Kf2 Bd4+ 47. Ke1 Kg7 48. Nh2 Kh6 49. Ng4+ Kg5 50. Nh2 Be3 51. Kf1 Kh4 52. Nf3+ Kg3 53. Ng5 f3 0-1

[Event "CHN-chT Torch Real Estate Cup"]
[Site "Wuxi"]
[Date "2005.05.11"]
[Round "10"]
[White "Ye, Jiangchuan"]
[Black "Lin, Chen"]
[Result "1/2-1/2"]
[WhiteElo "2648"]
[BlackElo "2332"]
[PlyCount "67"]
[EventDate "2005.05.08"]
[EventType "team-tourn"]
[EventRounds "13"]
[EventCountry "CHN"]
[SourceTitle "CBM 106 Extra"]
[Source "ChessBase"]
[SourceDate "2005.07.01"]
[SourceVersion "1"]
[SourceVersionDate "2005.07.01"]
[SourceQuality "1"]

1. e4 c5 2. Nf3 d6 3. d4 cxd4 4. Nxd4 Nf6 5. Nc3 a6 6. Be2 Nbd7 7. g4 h6 8. Be3 b5 9. a4 bxa4 10. f3 Bb7 11. Rxa4 e6 12. Nb3 d5 13. Na5 Qc7 14. Nxb7 Qxb7 15. exd5 Qxb2 16. Nb5 Bc5 17. Bc1 Qb1 18. Nc7+ Ke7 19. Nxa8 Rxa8 20. dxe6 fxe6 21. Bd2 Qb2 22. Qc1 Qe5 23. Qa1 Qd5 24. Qa2 Qe5 25. Kf1 Nb6 26. Qb3 Nxa4 27. Qb7+ Nd7 28. Qxa8 Qd4 29. Be1 Nc3 30. Qxa6 Nd5 31. Kg2 Nf4+ 32. Kf1 Nd5 33. Kg2 Nf4+ 34. Kf1 1/2-1/2

[Event "CHN-chT Torch Real Estate Cup"]
[Site "Wuxi"]
[Date "2005.05.10"]
[Round "9"]
[White "Wang, Yue"]
[Black "Ye, Jiangchuan"]
[Result "1/2-1/2"]
[WhiteElo "2576"]
[BlackElo "2648"]
[PlyCount "41"]
[EventDate "2005.05.08"]
[EventType "team-tourn"]
[EventRounds "13"]
[EventCountry "CHN"]
[SourceTitle "CBM 106 Extra"]
[Source "ChessBase"]
[SourceDate "2005.07.01"]
[SourceVersion "1"]
[SourceVersionDate "2005.07.01"]
[SourceQuality "1"]

1. d4 Nf6 2. c4 g6 3. Nc3 Bg7 4. e4 d6 5. f3 0-0 6. Be3 Nc6 7. Nge2 a6 8. Qd2 Rb8 9. Rc1 e5 10. d5 Ne7 11. Ng3 Ne8 12. Be2 f5 13. exf5 Nxf5 14. Nxf5 gxf5 15. f4 Qh4+ 16. g3 Qh3 17. Bf1 Qh5 18. Be2 Qh3 19. Bf3 Nf6 20. Bg2 Qh5 21. 0-0 1/2-1/2

[Event "CHN-chT Torch Real Estate Cup"]
[Site "Wuxi"]
[Date "2005.05.08"]
[Round "7"]
[White "Zhang, Zhong"]
[Black "Ye, Jiangchuan"]
[Result "1/2-1/2"]
[WhiteElo "2599"]
[BlackElo "2648"]
[PlyCount "76"]
[EventDate "2005.05.08"]
[EventType "team-tourn"]
[EventRounds "13"]
[EventCountry "CHN"]
[SourceTitle "CBM 106 Extra"]
[Source "ChessBase"]
[SourceDate "2005.07.01"]
[SourceVersion "1"]
[SourceVersionDate "2005.07.01"]
[SourceQuality "1"]

1. e4 Nf6 2. e5 Nd5 3. d4 d6 4. Nf3 dxe5 5. Nxe5 c6 6. Bc4 Nd7 7. Nf3 N7b6 8. Bb3 Bg4 9. h3 Bh5 10. g4 Bg6 11. Ne5 Nd7 12. Nxg6 hxg6 13. c4 N5f6 14. Bf4 Qa5+ 15. Nc3 0-0-0 16. Bd2 e5 17. d5 Bb4 18. g5 Nh5 19. a3 Bxc3 20. Bxc3 Qb6 21. Ba2 Nf4 22. Qf3 Rh4 23. 0-0-0 Rdh8 24. c5 Qxc5 25. dxc6 bxc6 26. Kb1 f5 27. Bb4 Qb5 28. Rd6 Nb8 29. Be6+ Nxe6 30. Rxe6 Rxh3 31. Rxh3 Qf1+ 32. Be1 Rxh3 33. Qd1 Rd3 34. Qc1 Qe2 35. Rxc6+ Nxc6 36. Qxc6+ Kb8 37. Qb5+ Kc8 38. Qc6+ Kb8 1/2-1/2

[Event "Jinan Torch Cup"]
[Site "Jinan"]
[Date "2005.04.25"]
[Round "6"]
[White "Ye, Jiangchuan"]
[Black "Wang, Hao"]
[Result "1-0"]
[WhiteElo "2648"]
[BlackElo "2484"]
[PlyCount "73"]
[EventDate "2005.04.20"]
[EventType "team"]
[EventRounds "9"]
[EventCountry "CHN"]
[SourceTitle "CBM 106 Extra"]
[Source "ChessBase"]
[SourceDate "2005.07.01"]
[SourceVersion "1"]
[SourceVersionDate "2005.07.01"]
[SourceQuality "1"]

1. e4 e6 2. d4 d5 3. Nd2 c5 4. exd5 Qxd5 5. Ngf3 cxd4 6. Bc4 Qd6 7. 0-0 Nf6 8. Nb3 Nc6 9. Nbxd4 Nxd4 10. Nxd4 a6 11. Bb3 Bd7 12. c3 Qc7 13. Bg5 Bd6 14. Bxf6 gxf6 15. Qh5 Qc5 16. Qf3 Qe5 17. g3 0-0-0 18. Rfe1 Qg5 19. Bc4 Qc5 20. Bf1 f5 21. b4 Qc7 22. b5 axb5 23. Bxb5 Bc5 24. Rab1 Bxb5 25. Rxb5 Bxd4 26. cxd4 Rxd4 27. Re3 Kb8 28. Rc3 Qe7 29. Rcb3 Rd1+ 30. Kg2 Rd5 31. Rxb7+ Qxb7 32. Rxb7+ Kxb7 33. Qb3+ Ka6 34. Qa3+ Ra5 35. Qd6+ Kb7 36. Qd7+ Ka8 37. Qc6+ 1-0

[Event "Jinan Torch Cup"]
[Site "Jinan"]
[Date "2005.04.24"]
[Round "5"]
[White "Ni, Hua"]
[Black "Ye, Jiangchuan"]
[Result "0-1"]
[WhiteElo "2638"]
[BlackElo "2648"]
[PlyCount "132"]
[EventDate "2005.04.20"]
[EventType "team"]
[EventRounds "9"]
[EventCountry "CHN"]
[SourceTitle "CBM 106 Extra"]
[Source "ChessBase"]
[SourceDate "2005.07.01"]
[SourceVersion "1"]
[SourceVersionDate "2005.07.01"]
[SourceQuality "1"]

1. a3 g6 2. b4 Bg7 3. d4 Nf6 4. Nf3 0-0 5. e3 d6 6. Bb2 Nbd7 7. Be2 e5 8. c4 exd4 9. Bxd4 b6 10. 0-0 Bb7 11. Nbd2 Qe7 12. Qc2 Rfd8 13. Qb2 c5 14. Bc3 Rab8 15. Rfd1 a6 16. Nf1 b5 17. cxb5 axb5 18. bxc5 Nxc5 19. Bd4 Ne6 20. Bc3 Nc5 21. Qa2 Na4 22. Bd4 Ne4 23. Bxg7 Kxg7 24. Rd4 Nac3 25. Qb2 Qf6 26. Bd3 Rbc8 27. Rc1 Rc5 28. Bxe4 Nxe4 29. Rcd1 Rdc8 30. Qb4 Nc3 31. R1d2 Bxf3 32. Rf4 Rf5 33. gxf3 Rxf4 34. Qxf4 Qxf4 35. exf4 Ra8 36. Rxd6 Ne2+ 37. Kg2 Nxf4+ 38. Kg3 Ne2+ 39. Kg2 Rxa3 40. Ne3 Ra1 41. h4 h5 42. Rb6 Rg1+ 43. Kh2 Rb1 44. Nd5 Rb3 45. f4 Nd4 46. Ne3 Rb2 47. Kg2 b4 48. Rd6 Nb5 49. Rb6 Nd4 50. Rd6 Ne6 51. f5 gxf5 52. Nxf5+ Kf6 53. Ne3 b3 54. Kf3 Rb1 55. Rb6 Ke5 56. Kg3 Ke4 57. Rb4+ Kd3 58. Kf3 Nd4+ 59. Kg2 Rc1 60. Rb8 Rc5 61. Kh2 Rb5 62. Rxb5 Nxb5 63. Nd1 Kc2 64. Ne3+ Kc1 65. Nc4 Nd6 66. Na3 Kb2 0-1

[Event "Olympiad-36"]
[Site "Mallorca"]
[Date "2004.10.18"]
[Round "4"]
[White "Rogers, Ian"]
[Black "Ye, Jiangchuan"]
[Result "0-1"]
[WhiteElo "2593"]
[BlackElo "2649"]
[PlyCount "70"]
[EventDate "2004.10.15"]
[EventType "team-swiss"]
[EventRounds "14"]
[EventCountry "ESP"]
[SourceTitle "CBM 104"]
[Source "ChessBase"]
[SourceDate "2005.01.27"]
[SourceVersion "1"]
[SourceVersionDate "2005.01.27"]
[SourceQuality "1"]
[WhiteTeam "Australia"]
[BlackTeam "China"]
[WhiteTeamCountry "AUS"]
[BlackTeamCountry "CHN"]

1. d4 Nf6 2. Nf3 g6 3. Nc3 d5 4. Bf4 Bg7 5. e3 0-0 6. Be2 Bg4 7. Ne5 Bxe2 8. Qxe2 c6 9. 0-0-0 Nh5 10. h4 Nd7 11. g4 Nxf4 12. exf4 Nxe5 13. fxe5 f6 14. exf6 Rxf6 15. g5 Rf7 16. h5 Qd6 17. hxg6 hxg6 18. Kb1 Raf8 19. Qg4 Rxf2 20. Ne2 e5 21. dxe5 Qxe5 22. Nd4 Rh2 23. Rxh2 Qxh2 24. Qe6+ Kh7 25. Qd7 Qe5 26. c3 Rf2 27. Qxb7 c5 28. Nc2 Rh2 29. a3 Qf5 30. Rc1 d4 31. Qc7 Rh3 32. cxd4 cxd4 33. Ka1 d3 34. Nd4 Qf2 35. Qc8 Rh4 0-1

[Event "Olympiad-36"]
[Site "Mallorca"]
[Date "2004.10.17"]
[Round "3"]
[White "Ye, Jiangchuan"]
[Black "Izoria, Zviad"]
[Result "1/2-1/2"]
[WhiteElo "2649"]
[BlackElo "2600"]
[PlyCount "47"]
[EventDate "2004.10.15"]
[EventType "team-swiss"]
[EventRounds "14"]
[EventCountry "ESP"]
[SourceTitle "CBM 104"]
[Source "ChessBase"]
[SourceDate "2005.01.27"]
[SourceVersion "1"]
[SourceVersionDate "2005.01.27"]
[SourceQuality "1"]
[WhiteTeam "China"]
[BlackTeam "Georgia"]
[WhiteTeamCountry "CHN"]
[BlackTeamCountry "GEO"]

1. e4 c6 2. d4 d5 3. Nd2 dxe4 4. Nxe4 Bf5 5. Ng3 Bg6 6. h4 h6 7. Nf3 Nd7 8. h5 Bh7 9. Bd3 Bxd3 10. Qxd3 e6 11. Bd2 Ngf6 12. 0-0-0 Be7 13. Qe2 0-0 14. Kb1 Qb6 15. c4 Rfe8 16. Ne5 Rad8 17. Bc3 c5 18. Nxd7 Nxd7 19. Ne4 cxd4 20. Bxd4 Qc6 21. Qg4 e5 22. Bc3 Nf6 23. Nxf6+ Bxf6 24. Rxd8 1/2-1/2

[Event "RUS-CHN Summit Men 2nd"]
[Site "Moscow"]
[Date "2004.08.15"]
[Round "5"]
[White "Rublevsky, Sergei"]
[Black "Ye, Jiangchuan"]
[Result "1-0"]
[WhiteElo "2686"]
[BlackElo "2681"]
[PlyCount "65"]
[EventDate "2004.08.10"]
[EventType "schev"]
[EventRounds "6"]
[EventCountry "RUS"]
[SourceTitle "CBM 103"]
[Source "ChessBase"]
[SourceDate "2004.11.11"]
[SourceVersion "1"]
[SourceVersionDate "2004.11.11"]
[SourceQuality "1"]
[WhiteTeam "Russia"]
[BlackTeam "China"]
[WhiteTeamCountry "RUS"]
[BlackTeamCountry "CHN"]

1. e4 c5 2. Nf3 d6 3. Bb5+ Nd7 4. d4 Ngf6 5. 0-0 cxd4 6. Qxd4 g6 7. e5 dxe5 8. Qxe5 Bg7 9. Re1 e6 10. Qd6 a6 11. Bf1 Qe7 12. Qxe7+ Kxe7 13. Nbd2 b6 14. b3 Kf8 15. Nc4 Kg8 16. Ba3 Bb7 17. Nfe5 Nxe5 18. Nxe5 Ne4 19. Bb2 Rc8 20. Rad1 Bf6 21. Rd7 Nc5 22. Rd6 b5 23. Bd4 Kg7 24. b4 Ne4 25. Rd7 Rhd8 26. Rxb7 Rxd4 27. Nxf7 Kg8 28. Rxe4 Rxe4 29. Nd6 Rf4 30. Nxc8 Bd4 31. Ne7+ Kh8 32. Nc6 Bxf2+ 33. Kh1 1-0

[Event "RUS-CHN Summit Men 2nd"]
[Site "Moscow"]
[Date "2004.08.10"]
[Round "1"]
[White "Ye, Jiangchuan"]
[Black "Zvjaginsev, Vadim"]
[Result "1/2-1/2"]
[WhiteElo "2681"]
[BlackElo "2650"]
[PlyCount "39"]
[EventDate "2004.08.10"]
[EventType "schev"]
[EventRounds "6"]
[EventCountry "RUS"]
[SourceTitle "CBM 103"]
[Source "ChessBase"]
[SourceDate "2004.11.11"]
[SourceVersion "1"]
[SourceVersionDate "2004.11.11"]
[SourceQuality "1"]
[WhiteTeam "China"]
[BlackTeam "Russia"]
[WhiteTeamCountry "CHN"]
[BlackTeamCountry "RUS"]

1. e4 e5 2. Nf3 Nc6 3. Bb5 a6 4. Ba4 Nf6 5. 0-0 Be7 6. Re1 b5 7. Bb3 0-0 8. a4 b4 9. d4 d6 10. dxe5 dxe5 11. Qxd8 Rxd8 12. Bg5 Kf8 13. Nbd2 Nd7 14. Bd5 Bb7 15. Nc4 f6 16. Be3 Bc5 17. Nfd2 Bxe3 18. Rxe3 Nb6 19. Nxb6 cxb6 20. c3 1/2-1/2

[Event "Sanjin Hotel Cup"]
[Site "Taiyuan"]
[Date "2004.07.25"]
[Round "8"]
[White "Short, Nigel D"]
[Black "Ye, Jiangchuan"]
[Result "1-0"]
[WhiteElo "2684"]
[BlackElo "2681"]
[PlyCount "53"]
[EventDate "2004.07.17"]
[EventType "tourn"]
[EventRounds "9"]
[EventCountry "CHN"]
[EventCategory "16"]
[SourceTitle "CBM 102"]
[Source "ChessBase"]
[SourceDate "2004.09.23"]
[SourceVersion "1"]
[SourceVersionDate "2004.09.23"]
[SourceQuality "1"]

1. e4 c5 2. Nf3 e6 3. d4 cxd4 4. Nxd4 Nc6 5. Nc3 Qc7 6. Be2 a6 7. 0-0 Nf6 8. Kh1 Be7 9. f4 d6 10. Nxc6 bxc6 11. Qd3 0-0 12. b3 Bb7 13. Bb2 c5 14. Rae1 Rae8 15. Qh3 Nxe4 16. Bd3 Nf6 17. Re3 g6 18. Nd1 c4 19. bxc4 Qc5 20. f5 e5 21. Rg3 Be4 22. Ne3 Bxd3 23. cxd3 Kh8 24. Bc1 Rg8 25. fxg6 fxg6 26. Nd5 Nxd5 27. Qxh7+ 1-0

[Event "Sanjin Hotel Cup"]
[Site "Taiyuan"]
[Date "2004.07.24"]
[Round "7"]
[White "Ye, Jiangchuan"]
[Black "Xie, Jun"]
[Result "1-0"]
[WhiteElo "2681"]
[BlackElo "2564"]
[PlyCount "111"]
[EventDate "2004.07.17"]
[EventType "tourn"]
[EventRounds "9"]
[EventCountry "CHN"]
[EventCategory "16"]
[SourceTitle "CBM 102"]
[Source "ChessBase"]
[SourceDate "2004.09.23"]
[SourceVersion "1"]
[SourceVersionDate "2004.09.23"]
[SourceQuality "1"]

1. d4 Nf6 2. c4 g6 3. Nc3 Bg7 4. e4 d6 5. f3 0-0 6. Be3 c5 7. Nge2 Nc6 8. Qd2 Nxd4 9. Nxd4 cxd4 10. Bxd4 b6 11. Be2 Bb7 12. 0-0 Rc8 13. Rac1 Nd7 14. Be3 a6 15. Kh1 Qc7 16. Rc2 Ne5 17. Rfc1 e6 18. Na4 Nd7 19. b4 Rfd8 20. Bf1 Bc6 21. Nc3 Qb8 22. Bg5 Bf6 23. Bxf6 Nxf6 24. a3 Kg7 25. Qe3 Qb7 26. a4 e5 27. Rd2 Qc7 28. Rcd1 Rb8 29. Bd3 Bd7 30. Rc2 Qb7 31. Be2 Be6 32. f4 exf4 33. Qxf4 Rbc8 34. Rd4 Qe7 35. h3 Rd7 36. Rcd2 Ne8 37. e5 dxe5 38. Qxe5+ Qf6 39. Qe3 Rxd4 40. Rxd4 h6 41. Rf4 Qd8 42. c5 bxc5 43. Bxa6 Ra8 44. Qe5+ Kg8 45. b5 Qb6 46. Ne4 c4 47. Qc5 Qa5 48. Bb7 Qe1+ 49. Kh2 Rxa4 50. Qe7 Ra1 51. Qxe8+ Kg7 52. Qe7 Qg1+ 53. Kg3 Qe3+ 54. Rf3 Qe1+ 55. Rf2 Bf5 56. Bd5 1-0

[Event "Sanjin Hotel Cup"]
[Site "Taiyuan"]
[Date "2004.07.23"]
[Round "6"]
[White "Xu, Jun"]
[Black "Ye, Jiangchuan"]
[Result "1/2-1/2"]
[WhiteElo "2617"]
[BlackElo "2681"]
[PlyCount "86"]
[EventDate "2004.07.17"]
[EventType "tourn"]
[EventRounds "9"]
[EventCountry "CHN"]
[EventCategory "16"]
[SourceTitle "CBM 102"]
[Source "ChessBase"]
[SourceDate "2004.09.23"]
[SourceVersion "1"]
[SourceVersionDate "2004.09.23"]
[SourceQuality "1"]

1. d4 Nf6 2. c4 g6 3. Nc3 Bg7 4. e4 d6 5. Be2 0-0 6. Nf3 e5 7. 0-0 Nc6 8. d5 Ne7 9. b4 Nh5 10. Re1 f5 11. Ng5 Nf6 12. Bf3 c6 13. b5 cxd5 14. cxd5 h6 15. Ne6 Bxe6 16. dxe6 Rc8 17. Qb3 d5 18. Nxd5 Nfxd5 19. exd5 e4 20. d6 Qxd6 21. Ba3 Qd5 22. Rad1 Qxb3 23. axb3 exf3 24. Bxe7 Rfe8 25. Rd7 Bf6 26. Bxf6 Rxe6 27. Ra1 Rxf6 28. Rxb7 Rf7 29. Rxf7 Kxf7 30. Rxa7+ Kf6 31. Ra6+ Ke5 32. Rc6 Rd8 33. gxf3 Rd3 34. b4 Rd4 35. Rxg6 Rxb4 36. Rb6 Kf4 37. Kg2 h5 38. Rb8 Rb3 39. b6 Rxf3 40. b7 Rb3 41. h4 Rb1 42. Rh8 Rxb7 43. Rxh5 Rg7+ 1/2-1/2